[Event "40th Olympiad Women"]
[Site "Istanbul TUR"]
[Date "2012.09.01"]
[Round "5.24"]
[Board "2"]
[White "Latreche, Khadidja"]
[Black "Daulyte, Deimante"]
[Result "1-0"]
[WhiteTitle "WCM"]
[BlackTitle "WGM"]
[WhiteElo "1889"]
[BlackElo "2216"]
[WhiteTeam "Algeria"]
[BlackTeam "Lithuania"]
[WhiteFideId "7901780"]
[BlackFideId "12802859"]
[EventDate "2012.08.28"]

1. e4 d5 2. exd5 Nf6 3. Bb5+ Bd7 4. Bc4 b5 5. Bb3 Bg4 6. f3 Bc8 7. Qe2 a6 8. a4
b4 9. Qc4 Qd6 10. d3 Bb7 11. Bf4 Bxd5 12. Bxd6 Bxc4 13. Bxb4 Bxb3 14. cxb3 Nc6
15. Bc3 O-O-O 16. Ke2 e5 17. Na3 Nd5 18. g3 Bxa3 19. Rxa3 Ndb4 20. Nh3 Rxd3 21.
Nf2 Rd5 22. Raa1 Nc2 23. Rad1 N2d4+ 24. Ke3 Rhd8 25. Bxd4 Nxd4 26. Rd3 Nc2+ 27.
Ke2 Rxd3 28. Nxd3 Nd4+ 29. Ke3 Nxb3 30. Nxe5 Re8 31. Kf4 g5+ 32. Kf5 Nd4+ 33.
Ke4 Nc6 34. f4 gxf4 35. gxf4 f6 36. Kd5 Nb4+ 37. Kc4 fxe5 38. Kxb4 exf4 39. Rf1
Re4+ 40. Ka5 Kb7 41. Rf3 Re5+ 42. Kb4 Re2 43. h4 Rxb2+ 44. Ka5 Re2 45. Rxf4 Re5+
46. Kb4 Rh5 47. Rg4 Kc6 48. Rc4+ Kd6 49. Rd4+ Rd5 50. Re4 c6 51. Kc4 Rc5+ 52.
Kb4 a5+ 53. Kb3 Re5 54. Rd4+ Kc5 55. Rg4 Re3+ 56. Kc2 Rh3 57. Rf4 h6 58. Rg4 Kd5
59. Rf4 Re3 60. Kd2 Re4 61. Rf5+ Kc4 62. Rh5 c5 63. Rxh6 Rg4 64. h5 Rd4+ 65. Kc2
Rh4 66. Ra6 Rh2+ 67. Kd1 Kb4 68. Rb6+ Kxa4 69. h6 c4 70. Kc1 Ka3 71. Kd1 a4 72.
Kc1 Ka2 73. Rb4 c3 74. Rb6 a3 75. Kd1 Ka1 76. Kc1 Ka2 77. Kd1 Rb2 78. h7 Rxb6
79. h8=Q Kb2 80. Qh2+ Ka1 81. Qe5 a2 82. Kc2 Rb2+ 83. Kxc3 Rb5 84. Qe1+ Rb1 85.
Qd2 Rb8 86. Qd7 Rb7 87. Qd6 Rb6 88. Qe5 Rb5 89. Qd4 Rb4 90. Kxb4+ Kb1 91. Kb3 1-0

[Event "40th Olympiad Women"]
[Site "Istanbul TUR"]
[Date "2012.09.01"]
[Round "5.24"]
[Board "3"]
[White "Ziogaite, Jovita"]
[Black "Latreche, Sabrina"]
[Result "1/2-1/2"]
[BlackTitle "WIM"]
[WhiteElo "2052"]
[BlackElo "1949"]
[WhiteTeam "Lithuania"]
[BlackTeam "Algeria"]
[WhiteFideId "12802573"]
[BlackFideId "7901798"]
[EventDate "2012.08.28"]

1. e4 e5 2. Nf3 Nc6 3. Bc4 Bc5 4. O-O Nf6 5. d4 Bxd4 6. Nxd4 Nxd4 7. f4 d6 8.
fxe5 dxe5 9. Bg5 Be6 10. Na3 Qe7 11. c3 Nc6 12. Kh1 Bxc4 13. Bxf6 gxf6 14. Nxc4
Qe6 15. Ne3 Ne7 16. Ng4 f5 17. exf5 Qd6 18. Qa4+ Qc6 19. Nf6+ Kf8 20. Qh4 Ng8
21. Qb4+ Ne7 22. Ng4 a5 23. Qa3 Rg8 24. f6 Rxg4 25. fxe7+ Ke8 26. Rf2 Qd6 27.
Qb3 Qxe7 28. Raf1 Rg7 29. Qxb7 Rd8 30. Qb5+ Kf8 31. Qxa5 e4 32. Qf5 Kg8 33. Re2
e3 34. Qh3 Rg6 35. Rxe3 Qf6 36. Qf3 Rd2 37. Qa8+ Kg7 38. Ref3 Qe6 39. Rxf7+ Qxf7
40. Rxf7+ Kxf7 41. h3 Rxb2 42. a4 Rbb6 43. Qc8 Rbc6 44. Qd7+ Kg8 45. a5 Rgd6 46.
Qe8+ Kg7 47. Kh2 Rf6 48. Qe7+ Kg8 49. c4 Rfe6 50. Qd8+ Kg7 51. Qd7+ Kg8 52. g4
Red6 53. Qe8+ Kg7 54. Qe5+ Kg8 55. c5 Re6 56. Qd5 Kg7 57. Kg3 Ra6 58. Qd7+ Kg8
59. Qxc7 Rac6 60. Qd8+ Kg7 61. Qd7+ Kg8 62. Kf4 Rg6 63. Ke5 Rxc5+ 64. Kd4 Rcc6
65. Kd5 Ra6 66. Kc4 Raf6 67. Qd5+ Kg7 68. Kb5 h6 69. h4 Kh7 70. Qe4 Re6 71. Qf5
Rf6 72. Qd7+ Kg8 73. Kc5 Ra6 74. Qd8+ Kg7 75. g5 hxg5 76. h5 Rgf6 77. Kb5 Rae6
78. Kc4 Ra6 79. Kb5 Rae6 80. Kc4 Ra6 81. Kb5 Rae6 1/2-1/2

[Event "40th Olympiad Women"]
[Site "Istanbul TUR"]
[Date "2012.09.01"]
[Round "5.24"]
[Board "4"]
[White "Abdi, Zineb Dina"]
[Black "Paulauskaite, Gintare"]
[Result "0-1"]
[WhiteTitle "WCM"]
[WhiteElo "1898"]
[BlackElo "2053"]
[WhiteTeam "Algeria"]
[BlackTeam "Lithuania"]
[WhiteFideId "7900880"]
[BlackFideId "12802964"]
[EventDate "2012.08.28"]

1. e4 c5 2. Nf3 e6 3. d4 cxd4 4. Nxd4 Qb6 5. Nc3 Bc5 6. Na4 Qa5+ 7. Nc3 Qb6 8.
Na4 Qa5+ 9. Nc3 Bb4 10. Bd2 Nc6 11. Nxc6 bxc6 12. a3 Bf8 13. Bd3 Qc7 14. f4 e5
15. Qf3 Nf6 16. g4 d6 17. g5 Nd7 18. f5 Nb6 19. h4 Bb7 20. f6 O-O-O 21. O-O-O
Kb8 22. Rdf1 g6 23. h5 Rg8 24. Qh3 d5 25. exd5 cxd5 26. Nb5 Qd7 27. Ba5 Qxh3 28.
Rxh3 e4 29. Be2 d4 30. Rd1 Bc5 31. b4 Bd6 32. Rxd4 Bf4+ 33. Kb1 Rxd4 34. Nxd4
Bxg5 35. Bxb6 axb6 36. hxg6 hxg6 37. Bc4 Bxf6 38. Ne2 Rd8 39. Bxf7 Rd1+ 40. Ka2
Rd2 41. Nf4 Rxc2+ 42. Kb1 Rb2+ 43. Kc1 g5 44. Nd5 Be5 45. Nxb6 Rf2 46. Nd7+ Ka7
47. Nxe5 Rf5 48. Kd2 Rxe5 49. Ke3 Rf5 50. Be6 Rf6 51. Bg4 Rd6 52. Be2 Kb6 53.
Rg3 Rg6 54. Bf1 Rc6 55. Kd4 Rc1 56. Bg2 Rd1+ 57. Ke3 Rd3+ 58. Kf2 e3+ 59. Ke1
Ba6 60. Bf1 e2 61. Rxd3 exf1=Q+ 62. Kxf1 Bxd3+ 63. Kf2 Kb5 64. Kf3 Bf5 65. Kg3
Ka4 66. Kf3 Kb5 67. Kg3 Kc4 68. Kf3 Bd7 69. Kg3 Bc8 70. Kf3 Kd4 71. b5 Ke5 72.
a4 Kf5 73. a5 g4+ 74. Kg3 Kg5 75. a6 Kf5 76. Kg2 Kf4 77. Kf2 g3+ 78. Kg2 Kg4 79.
Kg1 Kf3 80. Kf1 Bd7 81. a7 Bxb5+ 82. Kg1 Bc6 83. Kf1 Kg4 84. Kg1 Kh3 0-1

[Event "40th Olympiad Women"]
[Site "Istanbul TUR"]
[Date "2012.09.01"]
[Round "5.25"]
[Board "1"]
[White "Sultana, Sharmin Shirin"]
[Black "Sihite, Chelsie Monica"]
[Result "0-1"]
[BlackTitle "WIM"]
[WhiteElo "2002"]
[BlackElo "2162"]
[WhiteTeam "Bangladesh"]
[BlackTeam "Indonesia"]
[WhiteFideId "10204482"]
[BlackFideId "7101198"]
[EventDate "2012.08.28"]

1. d4 Nf6 2. c4 e6 3. Nc3 Bb4 4. Bg5 c5 5. d5 d6 6. e3 h6 7. Bh4 Bxc3+ 8. bxc3
Qe7 9. Nf3 e5 10. Qc2 e4 11. Nd2 g5 12. Bg3 O-O 13. h4 Re8 14. hxg5 hxg5 15. Be2
Bf5 16. Rb1 b6 17. f4 Nbd7 18. Nf1 Kg7 19. fxg5 Ng4 20. Bf4 Nde5 21. Ng3 Bg6 22.
Qd1 Nd3+ 23. Bxd3 Nxe3 24. Bxe3 exd3 25. Qd2 Qxe3+ 26. Qxe3 Rxe3+ 27. Kf2 Re5
28. Rbe1 Rae8 29. Rxe5 Rxe5 30. Re1 Rxg5 31. Kf3 Rxg3+ 32. Kxg3 Bh5 33. Kf2 d2
34. Rb1 d1=Q 35. Rxd1 Bxd1 0-1

[Event "40th Olympiad Women"]
[Site "Istanbul TUR"]
[Date "2012.09.01"]
[Round "5.25"]
[Board "2"]
[White "Dewi, Aa Citra"]
[Black "Hamid, Rani"]
[Result "1-0"]
[WhiteTitle "WFM"]
[BlackTitle "WIM"]
[WhiteElo "2143"]
[BlackElo "1952"]
[WhiteTeam "Indonesia"]
[BlackTeam "Bangladesh"]
[WhiteFideId "7101244"]
[BlackFideId "10200096"]
[EventDate "2012.08.28"]

1. e4 c5 2. Nf3 e6 3. d4 cxd4 4. Nxd4 a6 5. Bd3 Nc6 6. Be3 Nf6 7. O-O Qc7 8. Nc3
Ne5 9. a4 Neg4 10. Nf3 Nxe3 11. fxe3 Ng4 12. Qe2 Bc5 13. Nd1 O-O 14. h3 Ne5 15.
Nf2 b6 16. Nxe5 Qxe5 17. Ng4 Qg5 18. b4 Bxb4 19. h4 Qxh4 20. Rf4 Qe7 21. e5 g6
22. Nf6+ Kg7 23. Rh4 Rh8 24. Qf3 Bc3 25. Rf1 Bxe5 26. Qxa8 d5 27. Bxa6 Qc5 28.
Ng4 Bc7 29. Bxc8 h5 30. Qa6 hxg4 31. Rxh8 Qxe3+ 32. Kh1 Kxh8 33. Qd3 Qh6+ 34.
Kg1 g3 35. Rxf7 Qh2+ 36. Kf1 Qh1+ 37. Ke2 Qxg2+ 38. Kd1 Qh1+ 39. Kd2 Qh2+ 40.
Kc3 Be5+ 41. Kb3 Qh1 42. c3 Qh4 43. Ba6 Qg4 44. Qd2 Kg8 45. Rf1 Bd6 46. Qe2 Qxe2
47. Bxe2 Bc5 48. Bf3 Bf2 49. Kb4 Kf7 50. Bg2 Ke7 51. Kb5 Be3 52. Rf3 Bf2 53.
Rxf2 gxf2 54. Kxb6 e5 55. a5 e4 56. a6 e3 57. Bf1 g5 58. a7 g4 59. a8=Q Kd6 1-0

[Event "40th Olympiad Women"]
[Site "Istanbul TUR"]
[Date "2012.09.01"]
[Round "5.25"]
[Board "3"]
[White "Sultana, Zakia"]
[Black "Aay, Aisyah Anisa"]
[Result "1/2-1/2"]
[WhiteTitle "WFM"]
[WhiteElo "1987"]
[BlackElo "1818"]
[WhiteTeam "Bangladesh"]
[BlackTeam "Indonesia"]
[WhiteFideId "10201220"]
[BlackFideId "7102895"]
[EventDate "2012.08.28"]

1. d4 d5 2. Nf3 Nf6 3. e3 c5 4. c4 e6 5. Nc3 Nc6 6. Be2 Be7 7. O-O O-O 8. b3 b6
9. Bb2 Bb7 10. Rc1 Rc8 11. cxd5 Nxd5 12. dxc5 Nxc3 13. Bxc3 Bxc5 14. Qxd8 Rfxd8
15. Rfd1 Ba3 16. Ra1 Nb4 17. Rxd8+ Rxd8 18. Bxb4 Bxb4 19. Rd1 Rxd1+ 20. Bxd1 Be4
21. a4 Kf8 22. Nd4 Ke7 23. f3 Bb7 24. Kf2 a5 25. Be2 Bd5 26. Bc4 Kd6 27. Bxd5
Kxd5 28. Ke2 Bd6 29. h3 Kc5 30. Nc2 Be5 31. Kd3 h5 32. Ke4 Bc3 33. g4 hxg4 34.
hxg4 f6 35. Kd3 Bb2 36. Ke4 g6 37. Kd3 Kd5 1/2-1/2

[Event "40th Olympiad Women"]
[Site "Istanbul TUR"]
[Date "2012.09.01"]
[Round "5.26"]
[Board "1"]
[White "Foisor, Cristina-Adela"]
[Black "Caoili, Arianne"]
[Result "1-0"]
[WhiteTitle "IM"]
[BlackTitle "WIM"]
[WhiteElo "2402"]
[BlackElo "2204"]
[WhiteTeam "Romania"]
[BlackTeam "Australia"]
[WhiteFideId "1200496"]
[BlackFideId "5201179"]
[EventDate "2012.08.28"]

1. Nf3 Nf6 2. g3 c5 3. Bg2 Nc6 4. O-O g6 5. c4 d6 6. d4 cxd4 7. Nxd4 Bd7 8. Nc3
Bg7 9. Nc2 h5 10. h4 Qc8 11. b3 Bh3 12. Bb2 Bxg2 13. Kxg2 Ne4 14. Nxe4 Bxb2 15.
Rb1 Bg7 16. Ng5 Ne5 17. Qd5 Qc6 18. e4 Qxd5 19. exd5 Ng4 20. Rfe1 Rc8 21. Re2
Rc7 22. Rbe1 Bc3 23. Rd1 O-O 24. f3 Nh6 25. Kh3 Kg7 26. Rd3 Be5 27. Ne3 Nf5 28.
Nxf5+ gxf5 29. g4 Kg6 30. gxf5+ Kxf5 31. f4 Bf6 32. Ne4 Kg6 33. f5+ Kh6 34. Nxf6
exf6 35. a4 Rg8 36. Rg3 Rxg3+ 37. Kxg3 Kg7 38. Re8 a6 39. Rb8 Re7 40. Kf4 Rc7
41. a5 Rc5 42. Rxb7 Rxa5 43. b4 Ra1 44. c5 Rd1 45. c6 Rxd5 46. Ke4 Rd1 47. c7
d5+ 48. Ke3 Rc1 49. Kd4 Rd1+ 50. Kc5 d4 51. Kd5 Rc1 52. Kxd4 Rc2 53. Ke4 1-0

[Event "40th Olympiad Women"]
[Site "Istanbul TUR"]
[Date "2012.09.01"]
[Round "5.26"]
[Board "2"]
[White "Guo, Emma"]
[Black "Bulmaga, Irina"]
[Result "0-1"]
[WhiteTitle "WIM"]
[BlackTitle "WIM"]
[WhiteElo "2004"]
[BlackElo "2380"]
[WhiteTeam "Australia"]
[BlackTeam "Romania"]
[WhiteFideId "3200795"]
[BlackFideId "13903063"]
[EventDate "2012.08.28"]

1. e4 c5 2. Nc3 d6 3. f4 Nc6 4. Bb5 g6 5. Nf3 Bg7 6. d3 Bd7 7. O-O a6 8. Bxc6
Bxc6 9. Qe1 Qd7 10. Kh1 Nh6 11. Be3 b5 12. e5 Nf5 13. Bg1 Bxf3 14. Rxf3 dxe5 15.
fxe5 Nd4 16. Bxd4 cxd4 17. Qe4 Rd8 18. Raf1 O-O 19. Ne2 Qd5 20. e6 f5 21. Qxd5
Rxd5 22. Nf4 Rc5 23. R3f2 Rfc8 24. Rc1 R8c6 25. Re2 Bh6 26. g3 Bxf4 27. gxf4 Kg7
28. Kg2 Kf6 29. Kf3 b4 30. h4 Rxe6 31. Rxe6+ Kxe6 32. Re1+ Kf6 33. Re2 e5 34.
Kg3 h6 35. Kf3 a5 36. Kg3 exf4+ 37. Kxf4 Re5 38. Rg2 Re3 39. c3 Rh3 40. cxd4 g5+ 0-1

[Event "40th Olympiad Women"]
[Site "Istanbul TUR"]
[Date "2012.09.01"]
[Round "5.26"]
[Board "3"]
[White "Cosma, Elena-Luminita"]
[Black "Yu, Sally"]
[Result "1-0"]
[WhiteTitle "WGM"]
[WhiteElo "2352"]
[BlackElo "1990"]
[WhiteTeam "Romania"]
[BlackTeam "Australia"]
[WhiteFideId "1201590"]
[BlackFideId "3206718"]
[EventDate "2012.08.28"]

1. d4 d5 2. c4 e6 3. Nf3 Nf6 4. g3 dxc4 5. Qa4+ Nbd7 6. Bg2 a6 7. Qxc4 b5 8. Qc6
Ra7 9. Bf4 Bb7 10. Qc1 c5 11. O-O cxd4 12. a4 Bc5 13. axb5 Qe7 14. b4 Bb6 15.
Bc7 e5 16. Bxb6 Nxb6 17. Nbd2 O-O 18. Qc5 Nfd5 19. Qxe7 Nxe7 20. Nxe5 Ned5 21.
Ndc4 Nc8 22. bxa6 Ba8 23. b5 Ncb6 24. Nxb6 Nxb6 25. Bxa8 Rfxa8 26. Nc6 1-0

[Event "40th Olympiad Women"]
[Site "Istanbul TUR"]
[Date "2012.09.01"]
[Round "5.26"]
[Board "4"]
[White "Nguyen, Thu Giang"]
[Black "L'Ami, Alina"]
[Result "0-1"]
[BlackTitle "WGM"]
[WhiteElo "2105"]
[BlackElo "2372"]
[WhiteTeam "Australia"]
[BlackTeam "Romania"]
[WhiteFideId "12400980"]
[BlackFideId "1210246"]
[EventDate "2012.08.28"]

1. d4 Nf6 2. Nf3 g6 3. Nc3 d5 4. Bf4 c6 5. e3 Bg7 6. Be2 O-O 7. Ne5 Nbd7 8. h4
h5 9. f3 Qb6 10. b3 Nxe5 11. Bxe5 c5 12. dxc5 Qxc5 13. Qd4 Qxd4 14. Bxd4 Bf5 15.
O-O-O Rfc8 16. Kb2 a6 17. Bd3 Bxd3 18. cxd3 e6 19. Na4 Nd7 20. Bxg7 Kxg7 21. d4
b5 22. Nc3 Nf6 23. Rc1 Ne8 24. Ne2 Nd6 25. Ng3 b4 26. Rxc8 Rxc8 27. Rc1 Rxc1 28.
Kxc1 f6 29. Kd2 e5 30. Kd3 Kf7 31. e4 Ke6 32. dxe5 fxe5 33. exd5+ Kxd5 34. Ne4
Nf5 35. g3 a5 36. Nf6+ Kc5 37. Ne4+ Kb5 38. Ke2 a4 39. Kd3 a3 40. g4 Nxh4 41.
gxh5 gxh5 42. Nd2 Ng6 43. Ke4 h4 44. Kf5 h3 45. Nf1 Nf4 46. Kxe5 Nd3+ 47. Kd5
Nc1 48. f4 Nxa2 49. f5 Nc3+ 0-1

[Event "40th Olympiad Women"]
[Site "Istanbul TUR"]
[Date "2012.09.01"]
[Round "5.27"]
[Board "1"]
[White "Tuominen, Tanja"]
[Black "Azman Hisham, Nur Najiha"]
[Result "1-0"]
[WhiteTitle "WIM"]
[BlackTitle "WFM"]
[WhiteElo "2101"]
[BlackElo "1882"]
[WhiteTeam "Finland"]
[BlackTeam "Malaysia"]
[WhiteFideId "502340"]
[BlackFideId "5704685"]
[EventDate "2012.08.28"]

1. e4 c5 2. c3 d5 3. exd5 Qxd5 4. d4 Nf6 5. Nf3 Bg4 6. Be2 Nc6 7. h3 Bh5 8. c4
Qd6 9. d5 Ne5 10. O-O Bxf3 11. Bxf3 Qa6 12. b3 g6 13. Nc3 Rd8 14. Nb5 Qb6 15.
Bf4 Nxf3+ 16. Qxf3 Nxd5 17. cxd5 Qxb5 18. Be5 Rg8 19. Rfe1 Qd7 20. Rad1 f5 21.
Qe3 Rc8 22. Ba1 g5 23. d6 e6 24. Qxe6+ Qxe6 25. d7+ Kf7 26. Rxe6 Rd8 27. Rf6+
Ke7 28. Rxf5 Rxd7 29. Rxd7+ Kxd7 30. Rf7+ Ke6 31. Rxb7 Be7 32. Rxa7 Rd8 33. Kh2
Rd2 34. Kg3 h5 35. Kf3 Rd1 36. Ra6+ Kd5 37. Bf6 Bxf6 38. Rxf6 Ke5 39. Rg6 Kf5
40. Rc6 g4+ 41. hxg4+ hxg4+ 42. Ke3 Re1+ 43. Kd3 Rg1 44. Rxc5+ Kf4 45. g3+ Kf3
46. Rf5+ Kg2 47. Rf4 Rf1 48. Rxg4 Rxf2 49. a4 Rf3+ 50. Ke4 1-0

[Event "40th Olympiad Women"]
[Site "Istanbul TUR"]
[Date "2012.09.01"]
[Round "5.27"]
[Board "3"]
[White "Walta, Paivi"]
[Black "Tan, Li Ting"]
[Result "1-0"]
[WhiteTitle "WFM"]
[WhiteElo "1808"]
[BlackElo "1834"]
[WhiteTeam "Finland"]
[BlackTeam "Malaysia"]
[WhiteFideId "504513"]
[BlackFideId "5704820"]
[EventDate "2012.08.28"]

1. e4 e5 2. Bc4 Nf6 3. d3 Nc6 4. c3 Bc5 5. Nf3 d6 6. Bb3 O-O 7. O-O d5 8. Qe2
dxe4 9. dxe4 Qe7 10. h3 Nh5 11. Re1 Nf4 12. Qf1 Re8 13. Nbd2 Qf6 14. Kh2 g5 15.
Ng1 Rd8 16. Bc2 Be6 17. b4 Bb6 18. a4 a5 19. b5 Nb8 20. Nc4 Bxc4 21. Qxc4 Bxf2
22. Rf1 Qb6 23. Nf3 Qc5 24. Bb3 Ne6 25. Nxg5 Nxg5 26. Bxg5 Rf8 27. Bh6 Nd7 28.
Qe2 Kh8 29. Qxf2 Qxf2 30. Rxf2 1-0

[Event "40th Olympiad Women"]
[Site "Istanbul TUR"]
[Date "2012.09.01"]
[Round "5.28"]
[Board "2"]
[White "Blackburn, Suzie G."]
[Black "Zimina, Olga"]
[Result "0-1"]
[WhiteTitle "WFM"]
[BlackTitle "IM"]
[WhiteElo "1967"]
[BlackElo "2327"]
[WhiteTeam "Wales"]
[BlackTeam "Italy"]
[WhiteFideId "414930"]
[BlackFideId "4132190"]
[EventDate "2012.08.28"]

1. d4 d5 2. Nf3 Nf6 3. e3 c5 4. b3 cxd4 5. exd4 Bg4 6. Bb2 e6 7. Be2 Qa5+ 8. c3
Bd6 9. O-O O-O 10. Nbd2 Nc6 11. Ne5 Bf5 12. f4 Ne4 13. Nxe4 Bxe4 14. Bd3 Bxd3
15. Qxd3 Ne7 16. Rf3 Qc7 17. Raf1 a5 18. Rh3 f5 19. Qe2 Rf6 20. c4 b6 21. Rc1
Qb7 22. c5 Bxe5 23. fxe5 Rf7 24. Qb5 Rb8 25. c6 Qc7 26. Ba3 Nc8 27. Rhc3 h6 28.
Bd6 Nxd6 29. exd6 Qxd6 30. c7 Rc8 31. Rc6 Qb4 32. Rxb6 Qxd4+ 33. Kf1 Qf4+ 34.
Ke2 Qxc1 35. Rc6 Qb2+ 0-1

[Event "40th Olympiad Women"]
[Site "Istanbul TUR"]
[Date "2012.09.01"]
[Round "5.28"]
[Board "3"]
[White "Brunello, Marina"]
[Black "Roberts, Lynda"]
[Result "1-0"]
[WhiteTitle "WIM"]
[WhiteElo "2239"]
[BlackElo "1914"]
[WhiteTeam "Italy"]
[BlackTeam "Wales"]
[WhiteFideId "822590"]
[BlackFideId "1800191"]
[EventDate "2012.08.28"]

1. e4 c5 2. c3 g6 3. d4 cxd4 4. cxd4 d5 5. exd5 Nf6 6. Nc3 Nxd5 7. Qb3 Nb6 8.
Bb5+ Bd7 9. Nf3 Bg7 10. Ne5 O-O 11. Nxd7 N6xd7 12. Be3 a6 13. Be2 Nc6 14. Rd1
Na5 15. Qc2 Rc8 16. O-O b5 17. Qe4 Nc4 18. Bc1 Nd6 19. Qg4 Nf6 20. Qf3 Qa5 21.
a3 Rfd8 22. Na2 Nf5 23. d5 Qb6 24. Nb4 e6 25. dxe6 Qxe6 26. Bd3 Nd4 27. Qe3 Qd6
28. Qg3 Qd7 29. Nxa6 Nh5 30. Qh4 Ra8 31. Nb4 Nf5 32. Qg4 Nf6 33. Bxf5 gxf5 34.
Qe2 Qb7 35. Rd3 Re8 36. Qd1 Re4 37. Nd5 Rae8 38. Nxf6+ Bxf6 39. Rd7 Qc6 40. Rd6
Qc4 41. Rxf6 Rd4 42. Qf3 Rde4 43. Be3 f4 44. Rxf4 Rxf4 45. Qxf4 1-0

[Event "40th Olympiad Women"]
[Site "Istanbul TUR"]
[Date "2012.09.01"]
[Round "5.29"]
[Board "1"]
[White "Vovk, Oksana"]
[Black "Terao, Juliana Sayumi"]
[Result "0-1"]
[WhiteTitle "WIM"]
[BlackTitle "WIM"]
[WhiteElo "2159"]
[BlackElo "2187"]
[WhiteTeam "Denmark"]
[BlackTeam "Brazil"]
[WhiteFideId "1404695"]
[BlackFideId "2109220"]
[EventDate "2012.08.28"]

1. d4 Nf6 2. c4 e6 3. Nf3 d5 4. Nc3 Bb4 5. e3 O-O 6. Qb3 c5 7. dxc5 Nc6 8. Be2
dxc4 9. Qxc4 Qe7 10. Nd4 Bxc5 11. Nxc6 bxc6 12. O-O Rb8 13. Rd1 Rb4 14. Qd3 e5
15. b3 e4 16. Qc2 Rb8 17. Bb2 Bd6 18. Na4 Bb7 19. Rac1 Be5 20. Bxe5 Qxe5 21. Qc5
Qxc5 22. Nxc5 Bc8 23. Rd6 Bf5 24. Rxc6 Rbd8 25. Nb7 Rd2 26. R6c2 Rd7 27. Na5 h5
28. h3 Rfd8 29. Nc6 Ra8 30. Nd4 Bg6 31. Rc8+ Rxc8 32. Rxc8+ Kh7 33. Bb5 Rb7 34.
Bc6 Re7 35. b4 h4 36. a4 Bh5 37. Kf1 g5 38. a5 g4 39. Nf5 Re6 40. Nd4 Re7 41. b5
Re5 42. Rc7 Rc5 43. Nb3 Rc3 44. hxg4 Bxg4 45. Rxf7+ Kg6 46. Rxa7 Rxb3 47. Kg1
Rb1+ 48. Kh2 Rb2 49. Kg1 Rb1+ 50. Kh2 Rb2 51. b6 Rxf2 52. Kg1 Rb2 53. b7 Rb1+
54. Kh2 Bf5 55. g3 Rb2+ 56. Kg1 Rb1+ 57. Kh2 Ng4+ 58. Kg2 Nxe3+ 59. Kf2 Ng4+ 60.
Ke2 h3 61. Ra6 Rb2+ 62. Ke1 Kg5 63. Rb6 Rxb6 64. axb6 h2 65. Bxe4 Bxe4 66. b8=Q
h1=Q+ 67. Kd2 Qg2+ 68. Kc3 Qc2+ 69. Kb4 Nf6 70. b7 Nd5+ 71. Kb5 Bd3+ 72. Ka5
Qa2# 0-1

[Event "40th Olympiad Women"]
[Site "Istanbul TUR"]
[Date "2012.09.01"]
[Round "5.29"]
[Board "2"]
[White "Gazola, Vanessa Ramos"]
[Black "Guindy, Esmat"]
[Result "0-1"]
[WhiteTitle "WCM"]
[BlackTitle "WFM"]
[WhiteElo "2033"]
[BlackElo "2132"]
[WhiteTeam "Brazil"]
[BlackTeam "Denmark"]
[WhiteFideId "2112590"]
[BlackFideId "1401637"]
[EventDate "2012.08.28"]

1. d4 d5 2. c4 e6 3. Nc3 Be7 4. Nf3 Nf6 5. cxd5 exd5 6. Bg5 c6 7. Qc2 Nbd7 8. e3
O-O 9. Bd3 Re8 10. O-O Nf8 11. Rab1 Ne4 12. Bxe7 Qxe7 13. b4 a6 14. a4 Bf5 15.
b5 axb5 16. axb5 Ra3 17. Bxe4 dxe4 18. Ne5 c5 19. Nd5 Qd6 20. Nc4 Qxd5 21. Nxa3
cxd4 22. Qc4 Qd6 23. Qb4 Qg6 24. Kh1 d3 25. Nc4 Rd8 26. Qe7 Rd7 27. Qe8 Rc7 28.
Rb4 Qg5 29. Qe5 Re7 30. Qb8 Qf6 31. Ra4 Bd7 32. Nd6 g6 33. Ra8 Qg7 34. Qd8 f5
35. b6 Bc6 36. Rc8 Rd7 37. Qxf8+ Qxf8 38. Rxf8+ Kxf8 39. Nc4 Rd5 40. f3 Rc5 41.
Nd2 Rc2 42. Rf2 Rc1+ 43. Rf1 Rxf1+ 44. Nxf1 exf3 45. gxf3 Bxf3+ 46. Kg1 Ke7 47.
Kf2 Be4 48. Ke1 Kd6 49. Kd2 Kc5 50. h4 Kxb6 51. Kc3 Kc5 52. Nd2 h6 53. Nb3+ Kd5
54. Na5 b6 55. Nc4 b5 56. Nd2 g5 57. hxg5 hxg5 58. Kb4 g4 0-1

[Event "40th Olympiad Women"]
[Site "Istanbul TUR"]
[Date "2012.09.01"]
[Round "5.29"]
[Board "3"]
[White "Fredericia, Louise"]
[Black "Guimaraes, Artemis Pamela"]
[Result "1-0"]
[WhiteTitle "WFM"]
[WhiteElo "2091"]
[BlackElo "1996"]
[WhiteTeam "Denmark"]
[BlackTeam "Brazil"]
[WhiteFideId "1404113"]
[BlackFideId "2121107"]
[EventDate "2012.08.28"]

1. c4 c5 2. g3 g6 3. Bg2 Bg7 4. Nf3 Nc6 5. Nc3 e6 6. O-O Nge7 7. d3 O-O 8. Rb1
b6 9. Nd2 Bb7 10. e4 d6 11. f4 Qd7 12. Nf3 Rad8 13. Be3 d5 14. cxd5 exd5 15. Bf2
dxe4 16. dxe4 Qe6 17. Qa4 Na5 18. Rfe1 Qc4 19. Qc2 Nec6 20. Qe2 Nb4 21. e5 Nd3
22. Nd2 Qe6 23. Bxb7 Nxb7 24. Red1 f6 25. exf6 Qxe2 26. Nxe2 Bxf6 27. Ne4 Bg7
28. N2c3 Rfe8 29. Rd2 Nxf2 30. Rxd8 Nh3+ 31. Kg2 Nxf4+ 32. gxf4 Rxd8 33. Nb5 Re8
34. Kf3 a5 35. Nc7 Rd8 36. Ng5 Bf6 37. Ne4 Bd4 38. Ne6 Rc8 39. Rd1 Nd8 40. Nxd4
cxd4 41. Rxd4 Nf7 42. Nc3 Kg7 43. Rd7 Rc4 44. Ne4 Rc6 45. Ng5 Rf6 46. Ke4 h6 47.
Nxf7 Rxf7 48. Rxf7+ Kxf7 49. Kd5 Kf6 50. Kc6 Kf5 51. Kxb6 a4 52. b4 axb3 53.
axb3 Kxf4 54. b4 g5 55. b5 g4 56. Kc5 h5 57. b6 h4 58. b7 Kf3 59. b8=Q g3 60.
Kd4 g2 61. Qf8+ Kg4 62. Qf2 h3 63. Ke4 Kg5 64. Ke5 Kg4 65. Qg3+ 1-0

[Event "40th Olympiad Women"]
[Site "Istanbul TUR"]
[Date "2012.09.01"]
[Round "5.29"]
[Board "4"]
[White "Chang, Suzana"]
[Black "Frank-Nielsen, Marie"]
[Result "0-1"]
[WhiteTitle "WFM"]
[BlackTitle "WFM"]
[WhiteElo "2006"]
[BlackElo "1983"]
[WhiteTeam "Brazil"]
[BlackTeam "Denmark"]
[WhiteFideId "2105985"]
[BlackFideId "1409344"]
[EventDate "2012.08.28"]

1. e4 c5 2. Nf3 e6 3. d3 Nc6 4. g3 g6 5. d4 cxd4 6. Nxd4 Bg7 7. Nb5 d5 8. exd5
exd5 9. Qxd5 Qe7+ 10. Be2 Bg4 11. Nd6+ Kf8 12. Qxf7+ Qxf7 13. Nxf7 Bxe2 14. Nxh8
Re8 15. Nxg6+ hxg6 16. Kd2 Bf3 17. Rf1 Re2+ 18. Kd3 Nb4+ 19. Kc4 Nxc2 20. Nc3
Nxa1 21. Kd3 Re8 22. Bf4 Bxc3 23. Kxc3 Rc8+ 24. Kd2 Nc2 25. Rc1 Be4 26. Be5 Rd8+
27. Kc3 Ne7 28. f3 Rc8+ 29. Kd2 Rd8+ 30. Kc3 Rc8+ 31. Kd2 Bf5 32. g4 Nb4 33.
gxf5 Rxc1 0-1

[Event "40th Olympiad Women"]
[Site "Istanbul TUR"]
[Date "2012.09.01"]
[Round "5.30"]
[Board "2"]
[White "Bejatovic, Bojana"]
[Black "Patel, Yesim"]
[Result "1/2-1/2"]
[WhiteElo "1978"]
[BlackElo "1845"]
[WhiteTeam "FYROM"]
[BlackTeam "Turkey 2016"]
[WhiteFideId "15000141"]
[BlackFideId "6300200"]
[EventDate "2012.08.28"]

1. e4 c5 2. Nf3 Nc6 3. d3 g6 4. g3 Bg7 5. Bg2 d6 6. O-O e5 7. Nc3 Nge7 8. Be3
O-O 9. Ne2 b6 10. Nh4 d5 11. Qc1 d4 12. Bh6 f6 13. Bxg7 Kxg7 14. f4 Ba6 15. Qd2
c4 16. fxe5 Nxe5 17. dxc4 d3 18. cxd3 Bxc4 19. Nf3 Qxd3 20. Qxd3 Bxd3 21. Nfd4
Bxe2 22. Nxe2 Rfd8 23. Rad1 Rac8 24. Nd4 Re8 25. Bh3 Rc4 26. Ne6+ Kf7 27. Ng5+
Kg7 28. Ne6+ Kf7 29. Ng5+ Kg7 30. Ne6+ 1/2-1/2